ბათუმის შოთა რუსთაველის სახელმწიფო უნივერსიტეტის ბიბლიოთეკა

ლიტერატურის სოციოლოგია = Sociologie de la Litterature (ბიბ.ჩანაწერი № 48173)

000 -LEADER
fixed length control field 00923nam a2200229Ia 4500
001 - CONTROL NUMBER
control field 15055
003 - CONTROL NUMBER IDENTIFIER
control field GE_BSU
008 - FIXED-LENGTH DATA ELEMENTS--GENERAL INFORMATION
fixed length control field 181216s||||||||xx |||||||||||||| ||und||
020 ## - INTERNATIONAL STANDARD BOOK NUMBER
International Standard Book Number ISBN 978-9941-415-21-0
040 ## - CATALOGING SOURCE
Transcribing agency GE_BSU
080 ## - UNIVERSAL DECIMAL CLASSIFICATION NUMBER
Universal Decimal Classification number 316.74:82
100 ## - MAIN ENTRY--PERSONAL NAME
Personal name პოლ არონი, ალენ ვიალა
245 ## - TITLE STATEMENT
Title ლიტერატურის სოციოლოგია = Sociologie de la Litterature
245 ## - TITLE STATEMENT
Statement of responsibility, etc. ფრანგ. თარგმნა ცისანა ბიბილეიშვილმა ; რედ.: ზაზა აბზიანიძე, მანანა ბალიაშვილი
260 ## - PUBLICATION, DISTRIBUTION, ETC.
Place of publication, distribution, etc. თბილისი
260 ## - PUBLICATION, DISTRIBUTION, ETC.
Name of publisher, distributor, etc. კლიო
260 ## - PUBLICATION, DISTRIBUTION, ETC.
Date of publication, distribution, etc. 2011
300 ## - PHYSICAL DESCRIPTION
Extent 120გვ. ; 21სმ
300 ## - PHYSICAL DESCRIPTION
Other physical details ბიბლიოგრ.: გვ. 116-118
653 ## - INDEX TERM--UNCONTROLLED
Uncontrolled term ლიტერატურის სოციოლოგია;
942 ## - ADDED ENTRY ELEMENTS (KOHA)
Koha item type წიგნი
ეგზემპლარები
Withdrawn status Lost status Damaged status Not for loan Date acquired Barcode Date last seen Price effective from Koha item type
        2018-12-17 38181 2018-12-17 2018-12-17 წიგნი